Research methods in forestry : principles and practices with particular reference to Ethiopia (Record no. 32225)
[ view plain ]
| 000 -LEADER | |
|---|---|
| fixed length control field | 00468nam a22001697a 4500 |
| 003 - CONTROL NUMBER IDENTIFIER | |
| control field | OSt |
| 005 - DATE AND TIME OF LATEST TRANSACTION | |
| control field | 20220307160243.0 |
| 008 - FIXED-LENGTH DATA ELEMENTS--GENERAL INFORMATION | |
| fixed length control field | 220307b |||||||| |||| 00| 0 eng d |
| 020 ## - INTERNATIONAL STANDARD BOOK NUMBER | |
| International Standard Book Number | 0080575046 |
| 040 ## - CATALOGING SOURCE | |
| Transcribing agency | HU |
| 082 ## - DEWEY DECIMAL CLASSIFICATION NUMBER | |
| Classification number | 634.9 DES 2001 |
| 100 ## - MAIN ENTRY--PERSONAL NAME | |
| Personal name | Hamito, Desta |
| 9 (RLIN) | 11401 |
| 245 ## - TITLE STATEMENT | |
| Title | Research methods in forestry : principles and practices with particular reference to Ethiopia |
| 260 ## - PUBLICATION, DISTRIBUTION, ETC. | |
| Date of publication, distribution, etc. | 2001 |
| 300 ## - PHYSICAL DESCRIPTION | |
| Extent | Xii,682P |
| Other physical details | PC |
| Dimensions | 25cm |
| 942 ## - ADDED ENTRY ELEMENTS (KOHA) | |
| Source of classification or shelving scheme | Dewey Decimal Classification |
| Koha item type | Books like text book referance book |
| Suppress in OPAC | No |
| Withdrawn status | Lost status | Source of classification or shelving scheme | Damaged status | Not for loan | Collection code | Home library | Current library | Shelving location | Date acquired | Total Checkouts | Full call number | Barcode | Date last seen | Copy number | Price effective from | Koha item type |
|---|---|---|---|---|---|---|---|---|---|---|---|---|---|---|---|---|
| Dewey Decimal Classification | Reference | Wondo Genet Library | Wondo Genet Library | General Stacks | 03/07/2022 | 634.9 DES 2001 | WGCFNRL00012419 | 03/07/2022 | 1 | 03/07/2022 | Books like text book referance book | |||||
| Dewey Decimal Classification | Reference | Wondo Genet Library | Wondo Genet Library | General Stacks | 03/07/2022 | 634.9 DES 2001 | WGCFNRL00012420 | 03/07/2022 | 2 | 03/07/2022 | Books like text book referance book | |||||
| Dewey Decimal Classification | Reference | Wondo Genet Library | Wondo Genet Library | General Stacks | 03/07/2022 | 634.9 DES 2001 | WGCFNRL00012421 | 03/07/2022 | 3 | 03/07/2022 | Books like text book referance book | |||||
| Dewey Decimal Classification | Reference | Wondo Genet Library | Wondo Genet Library | General Stacks | 03/07/2022 | 634.9 DES 2001 | WGCFNRL00012422 | 03/07/2022 | 4 | 03/07/2022 | Books like text book referance book | |||||
| Dewey Decimal Classification | Reference | Wondo Genet Library | Wondo Genet Library | General Stacks | 03/25/2022 | 634.9 DES 2001 | HUWGCFNRL00014993 | 03/25/2022 | 5 | 03/25/2022 | Books like text book referance book |